Del cobro de intereses en el mutuo: estudio particular del Anatocismo

שמור ב:
מידע ביבליוגרפי
Main Authors: Bello Jiménez, Nicole Flérida (Author), Olivares Hellie, Paula Andrea (Author)
פורמט: ספר
שפה:ספרדית
יצא לאור: Santiago Sociedad Editora Metropolitana 2012
נושאים:
תגים: הוספת תג
אין תגיות, היה/י הראשונ/ה לתייג את הרשומה!

MARC

LEADER 00000cam a2200000 a 4500
001 UCF2999
003 CL-VaPUC
008 120914e20120000CL |||||||||||||||||spa|d
020 |a 9789562861427 
082 0 4 |a 330.156  |b BEL  |2 21 
100 0 |a Bello Jiménez, Nicole Flérida  |e author  |9 564877 
700 0 |a Olivares Hellie, Paula Andrea  |e author  |9 564878 
245 1 0 |a Del cobro de intereses en el mutuo: estudio particular del Anatocismo 
300 |a 127 p 
942 |c BK 
945 |d 20120914 00:00:00  |a dcastane 
260 |a Santiago  |b Sociedad Editora Metropolitana  |c 2012 
650 0 |a Teorías económicas  |9 270968 
650 0 |a Derecho comercial   |9 256340 
650 7 |a INTERESES  |2 CL-VaPUC  |9 358017 
583 |a last modification  |c 20120914 00:13:00  |k Rodrigo Vera 
999 |c 349521  |d 349519 
952 |0 0  |1 0  |4 0  |6 330_156000000000000_BEL_2012  |7 0  |8 A  |9 452149  |a BIBDER  |b BIBDER  |d 2019-11-22  |i 4905539  |o 330.156 BEL 2012  |p 4905539  |r 2023-01-25  |w 2019-11-22  |y BK  |k DER